000 00460nam a2200193Ia 4500
008 170918s9999 xx 000 0 und d
020 _a9780590447348
050 _bB852 1991
100 _aBridwell, Norman
245 _aClifford's animal sounds /
245 _cby Norman Bridwell.
260 _aNew York :
260 _bScholastic,
260 _c1991
300 _aunpaged :
300 _bcolored illustration ;
300 _c13cm.
500 _aBR
999 _c343014
_d343014